Programa para generar diagramas de interacción de paredes de mamposteria integral

Spremljeno u:
Bibliografski detalji
Glavni autor: Vega Morales, Eduardo
Format: Knjiga
Izdano: San José, Costa Rica 1989
Teme:
Oznake: Dodaj oznaku
Bez oznaka, Budi prvi tko označuje ovaj zapis!

MARC

LEADER 00000nam a2200000Ia 4500
003 004842
005 20221231144336.0
008 140114s1989 cr a m 000 ||s d
040 |c cru CEDI 
090 |a TFG 2267 
100 |a Vega Morales, Eduardo  |9 13210 
245 |a Programa para generar diagramas de interacción de paredes de mamposteria integral  
260 |c 1989  |a San José, Costa Rica 
300 |a  vii, 51 [89] hojas ; 27 cm  
500 |a  Proyecto de graduación (licenciatura en ingeniería civil)--Universidad de Costa Rica. Facultad de Ingeniería. Escuela de Ingeniería Civil 
650 |x MAMPOSTERIA - PROGRAMAS PARA COMPUTADORA  |9 12068 
942 |c TFG 
999 |c 20451  |d 20451